000 00551nam a2200193Ia 4500
005 20250508153114.0
008 008 250505s9999 xx 000 0 eng d
037 _aTextual
040 _aFEDL
_beng
_cFEDL
041 _aeng
_2eng
084 _a020.58, LIB
_qFEDL
245 0 _aLibrary service year book and directory 1962
260 _aChandigarh, India
_bPunjab Library Assoication
_c1962
300 _aviii,142p.
365 _aINR
_b10
650 _aLibrary Science
942 _cTEXL
_h020.58, LIB
999 _c1340716
_d1340716